000 00695nam a2200241 a 4500
001 156691
003 OSt
005 20211008132508.0
008 190213 ### HIN
020 _a9780393979084
082 _a823.8
_bG21E
100 _aGaskell, Elizabeth
245 _aNorth and south : an authoritative text, contexts, criticism
_cby Elizabeth Gaskell; edited by Alan Shelston
260 _aNew York
_bW. W. Norton
_cc2005
300 _axvi, 585p.
490 _aNorton critical edition
653 _aMothers and daughters
653 _aSocial classes
653 _aYoung women
653 _aNorthern England
700 _aShelston, Alan
_eEditor
942 _2ddc
_cBK
999 _c19082
_d19082